[Event "POL-chT U20 2nd League"]
[Site "Szczyrk"]
[Date "2017.07.26"]
[Round "7.92"]
[White "Uchman, Piotr"]
[Black "Kaminski, Jakub"]
[Result "1-0"]
[WhiteElo "1183"]
[BlackElo "1175"]
[PlyCount "49"]
[EventDate "2017.07.22"]
[EventType "team-swiss"]
[EventRounds "11"]
[EventCountry "POL"]
[SourceTitle "EXT 2019"]
[Source "ChessBase"]
[SourceDate "2018.10.10"]
[SourceVersion "1"]
[SourceVersionDate "2018.10.10"]
[SourceQuality "1"]

1. e4 e5 2. Nf3 d6 3. Bc4 Nf6 4. d3 Nbd7 5. Ng5 d5 6. exd5 Nb6 7. Bb5+ Bd7 8. Bxd7+ Qxd7 9. c4 Bc5 10. 0-0 h6 11. Nf3 Qf5 12. Nxe5 0-0 13. Nf3 Ng4 14. d4 Be7 15. h3 Nf6 16. b3 Bb4 17. a3 Be7 18. Re1 Rfe8 19. Bb2 Nh5 20. g4 Qg6 21. Ne5 Qg5 22. Bc1 Nf4 23. Qf3 f6 24. Bxf4 Qh4 25. Ng6 1-0

[Event "POL-chT U20 2nd League"]
[Site "Szczyrk"]
[Date "2017.07.23"]
[Round "2.93"]
[White "Fiszer, Jakub"]
[Black "Kaminski, Jakub"]
[Result "0-1"]
[WhiteElo "1258"]
[BlackElo "1175"]
[PlyCount "158"]
[EventDate "2017.07.22"]
[EventType "team-swiss"]
[EventRounds "11"]
[EventCountry "POL"]
[SourceTitle "EXT 2019"]
[Source "ChessBase"]
[SourceDate "2018.10.10"]
[SourceVersion "1"]
[SourceVersionDate "2018.10.10"]
[SourceQuality "1"]

1. e4 e5 2. Nf3 Nc6 3. Bc4 Bc5 4. d3 d6 5. h3 h6 6. Nc3 Nf6 7. 0-0 Be6 8. Bb3 Qd7 9. Bxe6 Qxe6 10. Be3 Bxe3 11. fxe3 0-0-0 12. Qd2 g5 13. Nh2 Rdg8 14. Qf2 Rg6 15. Qf5 Rhg8 16. Qxe6+ fxe6 17. g4 h5 18. gxh5 Nxh5 19. Ng4 Rh8 20. Kg2 Kd8 21. a3 Ke7 22. Rf2 Nf6 23. Nxf6 Rxf6 24. Rxf6 Kxf6 25. Rf1+ Ke7 26. Kg3 a6 27. Kg4 Rh4+ 28. Kg3 Rh6 29. Ne2 Rf6 30. Rxf6 Kxf6 31. Ng1 Ne7 32. Nf3 Ng8 33. d4 exd4 34. exd4 e5 35. d5 c6 36. c4 cxd5 37. cxd5 Kg6 38. h4 g4 39. Nd2 Nf6 40. b3 b5 41. a4 b4 42. a5 Kh5 43. Kg2 Kxh4 44. Kh2 g3+ 45. Kg2 Kg4 46. Nc4 Nxe4 47. Ne3+ Kf4 48. Nc4 Nf6 49. Nxd6 Nxd5 50. Nb7 Ne3+ 51. Kg1 g2 52. Nc5 Kf3 53. Nd3 Nf1 54. Nxe5+ Kg3 55. Nf3 Ne3 56. Nd4 Nd5 57. Nf5+ Kh3 58. Nd4 Nf4 59. Kf2 Kh2 60. Nf3+ Kh1 61. Ng1 Nd3+ 62. Ke3 Kxg1 63. Kxd3 Kh2 64. Kc4 g1Q 65. Kxb4 Qd4+ 66. Ka3 Qc5+ 67. b4 Qc3+ 68. Ka4 Qb2 69. b5 Qxb5+ 70. Ka3 Qxa5+ 71. Kb3 Qd2 72. Kc4 Kg3 73. Kc5 Kf4 74. Kc4 Ke5 75. Kc5 Qc1+ 76. Kb6 Kd6 77. Ka7 Qb1 78. Kxa6 Kc6 79. Ka7 Qb2 0-1